Regions of Turkey Quiz - Statistics

General Stats
  • This quiz has been taken 14 times
  • The average score is 6 of 7
Answer Stats
Region % Correct
Black Sea Region
100%
Central Anatolia Region
100%
Eastern Anatolia Region
100%
Marmara Region
83%
Aegean Region
75%
Southeastern Anatolia Region
67%
Mediterranean Region
42%
No matching quizzes found
Score Distribution
Percent of People with Each Score
Percentile by Number Answered
Your Score History
You have not taken this quiz